[Event "FRA-chT2 South 0809"]
[Site "France"]
[Date "2009.03.14"]
[Round "8.8"]
[White "Hausard, Hilda"]
[Black "Huchet, Francois"]
[Result "0-1"]
[WhiteElo "1872"]
[BlackElo "2020"]
[PlyCount "86"]
[EventDate "2008.10.12"]
[EventType "team-tourn"]
[EventRounds "11"]
[EventCountry "FRA"]
[SourceTitle "EXT 2010"]
[Source "ChessBase"]
[SourceDate "2010.11.25"]
[SourceVersion "1"]
[SourceVersionDate "2010.11.25"]
[SourceQuality "1"]
[WhiteTeam "Vitrolles"]
[BlackTeam "Ramonville"]
[WhiteTeamCountry "FRA"]
[BlackTeamCountry "FRA"]

1. e4 c5 2. Nc3 e6 3. g3 Nc6 4. Bg2 g6 5. d3 Bg7 6. f4 d6 7. Nf3 Nge7 8. 0-0 0-0 9. Be3 Nd4 10. Qd2 Nec6 11. Nd1 Bd7 12. c3 Nxf3+ 13. Bxf3 b6 14. Nf2 Rc8 15. Rac1 Ne7 16. d4 Bc6 17. Bg2 Qc7 18. d5 exd5 19. exd5 Bb5 20. c4 Bd7 21. g4 f5 22. g5 Qb8 23. b3 b5 24. Rb1 bxc4 25. bxc4 Qc7 26. Rfe1 Rce8 27. Nd1 Nc8 28. Nc3 a6 29. Rb3 Re7 30. Reb1 Rxe3 31. Rb7 Qd8 32. Nd1 Re7 33. Rb8 Rfe8 34. Bf3 Re1+ 35. Kg2 Ba4 36. Nc3 Rxb1 37. Rxb1 Qa5 38. Rc1 Nb6 39. Qd3 Bd7 40. Ne2 Qxa2 41. h4 Ba4 42. Kg3 Bb3 43. Nc3 Qb2 0-1

[Event "FRA-chT4 0102"]
[Site "Champagne Ardenne"]
[Date "2002.02.03"]
[Round "5"]
[White "Huchet, Francois"]
[Black "Picard, Serge"]
[Result "0-1"]
[WhiteElo "2110"]
[BlackElo "2000"]
[PlyCount "61"]
[EventDate "2002.10.??"]
[EventType "team"]
[EventRounds "7"]
[EventCountry "FRA"]
[SourceTitle "EXT 2005"]
[Source "ChessBase"]
[SourceDate "2004.11.15"]
[SourceVersion "1"]
[SourceVersionDate "2004.11.15"]
[SourceQuality "1"]

1. e4 e5 2. Nf3 Nc6 3. Bc4 Nf6 4. d3 Bc5 5. c3 d6 6. b4 Bb6 7. a4 a5 8. b5 Ne7 9. Be3 Bxe3 10. fxe3 0-0 11. 0-0 Ng6 12. Qd2 c6 13. Bb3 d5 14. exd5 cxd5 15. Bc2 Bg4 16. Na3 Rc8 17. h3 Bxf3 18. Rxf3 Qc7 19. c4 e4 20. Rf5 dxc4 21. dxc4 Rfd8 22. Qf2 Qe7 23. b6 Ne5 24. Qg3 Nxc4 25. Nxc4 Rxc4 26. Raf1 Rc6 27. Bb1 Rxb6 28. Rg5 g6 29. Rxa5 Rbd6 30. Re5 Qd7 31. Rc5 0-1